[Event "45th FIDE Chess Olympiad Open"]
[Site "Budapest, Hungary"]
[Date "2024.09.12"]
[Round "2"]
[White "Stratonowitsch, Andre"]
[Black "Christie, Joshua"]
[Result "1/2-1/2"]
[WhiteElo "2154"]
[BlackElo "2271"]
[PlyCount "91"]
[EventDate "2024.??.??"]
[WhiteTeam "Seychelles"]
[BlackTeam "Jamaica"]
[WhiteTeamCountry "SEY"]
[BlackTeamCountry "JAM"]
[WhiteClock "0:13:58"]
[BlackClock "0:26:29"]

1. e4 e5 2. Nf3 Nc6 3. Bb5 a6 4. Ba4 Nf6 5. O-O Be7 6. Re1 b5 7. Bb3 d6 8. c3 O-O 9. h3 Na5 10. Bc2 c5 11. d4 Nd7 12. Nbd2 exd4 13. cxd4 Nc6 14. Nf1 cxd4 15. Nxd4 Nxd4 16. Qxd4 Ne5 17. Qd1 Bf6 18. Ne3 Be6 19. Bb3 Nc4 20. Bxc4 bxc4 21. Qc2 Rb8 22. Rd1 Qc7 $146 ({RR} 22... Rb5 23. Rb1 Qb8 24. Nd5 Bxd5 25. Rxd5 Rxd5 26. exd5 Qb4 27. Bd2 Qc5 28. Bc3 Bxc3 29. Qxc3 Qxd5 30. Rc1 Qb5 31. Qxc4 Qxb2 32. Rd1 Qb6 33. Qd4 Qa5 34. Qd5 Qa3 35. Qb3 Qxb3 36. axb3 Rd8 37. Ra1 {½-½ Kos,T (2235)-Barle,J (2450) Ljubljana op 6th 1995 (5)}) 23. Rb1 Qa5 24. a3 Qc7 25. Bd2 a5 26. Bc3 Be5 27. Rbc1 Rfc8 28. Nd5 Qa7 29. Rd2 h6 30. Bxe5 dxe5 31. Qa4 Qc5 32. Rc3 Rb3 33. Rxb3 cxb3 34. Qxb3 Kh7 35. Qc3 Qxc3 36. Nxc3 Kg6 37. f3 h5 38. h4 Kf6 39. Kf2 Bc4 40. Ke3 Rb8 41. g3 g5 42. hxg5+ Kxg5 43. Rg2 Rd8 44. Rd2 Rb8 45. Rg2 Rb7 46. Rh2 1/2-1/2

[Event "45th FIDE Chess Olympiad Open"]
[Site "Budapest, Hungary"]
[Date "2024.09.12"]
[Round "2"]
[White "Glaves, Raheem"]
[Black "Meier, Peter"]
[Result "1-0"]
[WhiteElo "2094"]
[BlackElo "2062"]
[PlyCount "127"]
[EventDate "2024.??.??"]
[WhiteTeam "Jamaica"]
[BlackTeam "Seychelles"]
[WhiteTeamCountry "JAM"]
[BlackTeamCountry "SEY"]
[WhiteClock "0:07:38"]
[BlackClock "0:00:46"]

1. c4 Nf6 2. g3 e6 3. Bg2 d5 4. Nf3 Be7 5. O-O O-O 6. Qc2 Nc6 7. a3 dxc4 8. Qxc4 e5 9. d3 Be6 10. Qc2 Qd7 $146 ({RR} 10... a5 11. Nbd2 Bg4 12. b3 Re8 13. Bb2 Bf8 14. h3 Bh5 15. e4 Qd6 16. Nc4 Qc5 17. g4 Bg6 18. Rac1 Nd7 19. Rfd1 Qb5 20. Bf1 Qc5 21. Qe2 Qa7 22. Qc2 f6 23. Ne3 Nc5 24. Nd5 Ne6 25. Qd2 {1-0 Pantsulaia,L (2596)-Pashikian,A (2527) Wch U20 45th 2006 (12)}) 11. b4 Bh3 12. Bb2 Bxg2 13. Kxg2 Nd4 14. Bxd4 exd4 15. Nbd2 b6 16. Nb3 c5 17. bxc5 bxc5 18. Na5 Nd5 19. h3 h5 20. h4 Rfe8 21. Qd2 Rab8 22. Nc4 Bf6 23. Rfe1 Re6 24. Rac1 Rbe8 25. Rc2 g6 26. Kh2 Qe7 27. Qa5 Nc3 28. e4 dxe3 29. Nxe3 Qb7 30. Nd2 Bd4 31. Rxc3 Ra6 32. Rb3 Qxb3 33. Nxb3 Rxa5 34. Nxa5 Bc3 35. Rc1 Bxa5 36. Nd5 Re2 37. Kg2 Ra2 38. Rxc5 Be1 39. Nf6+ Kg7 40. Ne4 Rxa3 41. Rc7 Rxd3 42. Ng5 a5 43. Rxf7+ Kg8 44. Ra7 Bc3 45. Ra6 Kg7 46. Ne6+ Kf7 47. Nf4 Rd2 48. Nxg6 Ra2 49. Nf4 Bd4 50. Nxh5 Rxf2+ 51. Kh3 Ra2 52. g4 Ra3+ 53. Kg2 a4 54. g5 Ra2+ 55. Kh3 Ra3+ 56. Kg4 Ra1 57. g6+ Ke7 58. Ng3 Rg1 59. Kf3 Be5 60. Nf5+ Kd7 61. h5 Rh1 62. h6 a3 63. g7 Bxg7 64. hxg7 1-0

[Event "45th FIDE Chess Olympiad Open"]
[Site "Budapest, Hungary"]
[Date "2024.09.12"]
[Round "2"]
[White "Bonne, Robin"]
[Black "Shaw, Jaden"]
[Result "0-1"]
[WhiteElo "1707"]
[BlackElo "2051"]
[PlyCount "110"]
[EventDate "2024.??.??"]
[WhiteTeam "Seychelles"]
[BlackTeam "Jamaica"]
[WhiteTeamCountry "SEY"]
[BlackTeamCountry "JAM"]
[WhiteClock "0:13:13"]
[BlackClock "0:33:13"]

1. d4 Nf6 2. Bf4 d5 3. e3 c5 4. c3 Nc6 5. Nd2 cxd4 6. exd4 Bg4 7. Be2 ({RR} 7. Qb3 Qc8 8. h3 Bh5 9. Ngf3 e6 10. Ne5 Be7 11. Bd3 O-O 12. O-O Nxe5 13. Bxe5 Bg6 14. Bxg6 hxg6 15. a4 Nd7 16. Bg3 Nb8 17. a5 Nc6 18. Qa4 a6 19. b4 Na7 20. Rac1 Nb5 21. Qa1 Bg5 {1-0 Jumabayev,R (2654)-Ter Sahakyan,S (2640) PNWCC Online blitz JP 15th 2020 (7)}) 7... Bxe2 8. Nxe2 $146 ({RR} 8. Qxe2 e6 9. Ngf3 Bd6 10. Bxd6 Qxd6 11. Ne5 O-O 12. O-O Rab8 13. Rfe1 b5 14. b4 Rfc8 15. Nd3 a5 16. a3 a4 17. Nc5 Ne7 18. Nf3 Nf5 19. Rac1 Qe7 20. Ne5 Nd6 21. Qd3 Re8 22. Nc6 Qc7 {½-½ Gavrilov,O (2356)-Nikitenko,M (2484) Chigorin Mem Blitz 2022 (10.4)}) ({RR} 8. Qxe2 e6 9. Ngf3 Bd6 10. Bg3 O-O 11. O-O Qc7 12. Bxd6 Qxd6 13. Ne5 Nd7 14. f4 f6 15. Nd3 Rfe8 16. Nf3 b5 17. b4 a5 18. a3 axb4 19. axb4 Nb6 20. Rxa8 Rxa8 21. Nc5 Nc4 22. Qxe6+ Qxe6 {0-1 Weetik,V (2423)-Heinemann,J (2279) Titled Tue 9th Jul Early 2024 (7)}) ({RR} 8. Qxe2 g6 9. Ngf3 Bg7 10. O-O O-O 11. Rfe1 e6 12. h3 Rc8 13. Ne5 Re8 14. Bg5 Qc7 15. Bf4 Qb6 16. Rab1 Qa5 17. a3 Qa4 18. Qf3 a5 19. g4 Nxe5 20. Bxe5 Nd7 21. Bxg7 Kxg7 22. Qg3 Qc2 {½-½ Tskhadadze,A (1952)-Belenkaya,D (2360) St Petersburg-ch (Women) 2019 (9)}) 8... e6 9. h3 Bd6 10. Qc2 O-O 11. g4 Bxf4 12. Nxf4 Qd6 13. Ne2 b5 14. a3 a5 15. a4 b4 16. b3 bxc3 17. Qxc3 Nb4 18. O-O Rac8 19. Qf3 Rc2 20. Rfd1 Qa6 21. Nf4 Rfc8 22. g5 Ne8 23. h4 R2c3 24. Qg2 Nc2 25. Rab1 Nxd4 26. h5 Ne2+ 27. Nxe2 Qxe2 28. f3 Qe3+ 29. Kh1 Rd3 30. Qg1 Qe2 31. Rb2 Qe5 32. Rbb1 Qf5 33. Rb2 Qf4 34. Qg4 Qe5 35. Rbb1 Qe2 36. Qg2 Qxg2+ 37. Kxg2 Rc2 38. Kg3 Rdxd2 39. Rxd2 Rxd2 40. b4 axb4 41. Rxb4 Ra2 42. Rb8 Kf8 43. Rb4 Ke7 44. Rb7+ Kd6 45. Rxf7 Rxa4 46. h6 gxh6 47. gxh6 Ra8 48. Rxh7 Nf6 49. Rf7 Ke5 50. f4+ Kf5 51. Rg7 Nh5+ 52. Kh4 Nxg7 53. hxg7 Rg8 54. Kh5 Rxg7 55. Kh6 Rg6+ 0-1

[Event "45th FIDE Chess Olympiad Open"]
[Site "Budapest, Hungary"]
[Date "2024.09.12"]
[Round "2"]
[White "McKennis, Darren"]
[Black "Pillay, Ragul"]
[Result "1-0"]
[WhiteElo "1905"]
[BlackElo "1633"]
[PlyCount "61"]
[EventDate "2024.??.??"]
[WhiteTeam "Jamaica"]
[BlackTeam "Seychelles"]
[WhiteTeamCountry "JAM"]
[BlackTeamCountry "SEY"]
[WhiteClock "0:46:58"]
[BlackClock "0:00:49"]

1. Nf3 Nc6 2. d4 e6 3. e4 Nf6 4. Nbd2 b6 ({RR} 4... Bb4 5. c3 Ba5 6. Bd3 O-O 7. Nc4 d5 8. Nxa5 dxe4 9. Nxc6 bxc6 10. Bc2 exf3 11. Qxf3 Bb7 12. O-O Re8 13. Bg5 Qd5 14. Qg3 Ne4 15. Bxe4 Qxe4 16. Rae1 Qd5 17. Re5 Qxa2 18. Bf6 g6 19. Qg5 {1-0 Friedrich,C (1661)-Matos,M Famalicao op 6th 2018 (1)}) 5. c3 Bb7 6. Bd3 Be7 7. Qc2 $146 ({RR} 7. O-O O-O 8. Re1 a5 9. Nf1 d6 10. Qe2 e5 11. d5 Nb8 12. Ng3 Nbd7 13. b4 axb4 14. cxb4 c6 15. dxc6 Bxc6 16. Bg5 d5 17. exd5 Bxd5 18. a3 Bxf3 19. Qxf3 Re8 20. Bb5 e4 21. Qb3 Rf8 {½-½ Koster,J-Caresana,A Robecchetto op 3rd 1991 (6)}) 7... d6 8. O-O Qd7 9. a4 a6 10. b4 Na7 11. c4 d5 12. Ne5 Qd8 13. exd5 exd5 14. c5 bxc5 15. dxc5 Nc6 16. Nxc6 Bxc6 17. Nb3 O-O 18. Nd4 Bd7 19. h3 Qc8 20. Nf5 Bxf5 21. Bxf5 Qb7 22. Rb1 Rad8 23. b5 axb5 24. axb5 Qa7 25. b6 cxb6 26. cxb6 Qb8 27. Qc7 Bd6 28. Qxb8 Rxb8 29. b7 Rfd8 30. Be3 Nd7 31. Ba7 1-0

[Event "45th FIDE Chess Olympiad Open"]
[Site "Budapest, Hungary"]
[Date "2024.09.12"]
[Round "2"]
[White "Espinoza Solano, Jose Nahum"]
[Black "Gontcharov, Serguei"]
[Result "1-0"]
[WhiteElo "2156"]
[BlackElo "1927"]
[PlyCount "113"]
[EventDate "2024.??.??"]
[WhiteTeam "Nicaragua"]
[BlackTeam "Bermuda"]
[WhiteTeamCountry "NCA"]
[BlackTeamCountry "BER"]
[WhiteClock "0:52:09"]
[BlackClock "0:10:49"]

1. e4 c5 2. Nf3 e6 3. d4 cxd4 4. Nxd4 a6 5. c4 Nf6 6. Nc3 Bb4 7. Nc2 Bxc3+ 8. bxc3 d5 ({RR} 8... Qa5 9. Qd4 Nc6 10. Qe3 O-O 11. Ba3 Re8 12. Bd6 b5 13. c5 b4 14. Be2 bxc3 15. O-O Qa4 16. Bd3 a5 17. f3 Nb4 18. Rfc1 Ba6 19. Bxa6 Nxa6 20. Qxc3 Rec8 21. Nd4 Ne8 22. Be7 h6 23. Qc4 {1-0 Salem,A (2677)-Svidler,P (2683) MrDodgy Inv 3 GpB 2022 (7.2)}) ({RR} 8... O-O 9. e5 Ne8 10. Ba3 Qa5 11. f4 Qxc3+ 12. Qd2 Qxd2+ 13. Kxd2 d6 14. exd6 Bd7 15. Rb1 Bc6 16. Nd4 Be4 17. Bd3 Nf6 18. Bxe4 Nxe4+ 19. Ke3 Nf6 20. Rxb7 Nbd7 21. c5 e5 22. fxe5 Nxe5 23. Rc1 {1-0 Durarbayli,V (2626)-Kanyamarala,T (2337) Titled Tue 27th Aug Early 2024 (4)}) 9. cxd5 $146 ({RR} 9. e5 Ne4 10. Bd3 Nxc3 11. Qg4 dxc4 12. Qxc4 Nd5 13. O-O Nc6 14. Re1 O-O 15. Ba3 Re8 16. Rad1 Bd7 17. Bb2 Rc8 18. Qg4 Qb6 19. Ba1 Ncb4 20. Nxb4 Qxb4 21. Re4 Qa3 22. Bc4 Bc6 23. Red4 Ba4 {0-1 Name,G-Camara,H Sao Paulo op 1972 (5)}) 9... exd5 10. exd5 Qxd5 11. Qxd5 Nxd5 12. c4 Ne7 13. Ba3 Nbc6 14. Be2 O-O 15. O-O Re8 16. Rfd1 Be6 17. Ne3 Rad8 18. Bf3 Rxd1+ 19. Rxd1 Ng6 20. Bd5 Nf4 21. g3 Ng6 22. Rb1 Bc8 23. Bd6 Nge5 24. Bxe5 Rxe5 25. Bxc6 bxc6 26. Rb6 Re6 27. Rb8 Re8 28. Nf5 Bd7 29. Rxe8+ Bxe8 30. c5 Bd7 31. Nd6 Be6 32. a3 Kf8 33. f4 g6 34. Kf2 Ke7 35. Kf3 h5 36. Ke4 f6 37. f5 Bd5+ 38. Kf4 g5+ 39. Ke3 Kd7 40. h4 g4 41. Kd4 a5 42. Nb7 a4 43. Nd6 Ba2 44. Kc3 Bb3 45. Ne4 Ke7 46. Nd2 Bd1 47. Nc4 Kd8 48. Ne3 Bb3 49. Ng2 Bd5 50. Nf4 Be4 51. Nxh5 Bxf5 52. Nxf6 Ke7 53. Nh5 Be4 54. Kd4 Bg6 55. Nf4 Bc2 56. Ke5 Bb1 57. Ng2 1-0

[Event "45th FIDE Chess Olympiad Open"]
[Site "Budapest, Hungary"]
[Date "2024.09.12"]
[Round "2"]
[White "Dacres, Don"]
[Black "Rocha, Maximiliano"]
[Result "0-1"]
[WhiteElo "1863"]
[BlackElo "2156"]
[PlyCount "58"]
[EventDate "2024.??.??"]
[WhiteTeam "Bermuda"]
[BlackTeam "Nicaragua"]
[WhiteTeamCountry "BER"]
[BlackTeamCountry "NCA"]
[WhiteClock "0:48:24"]
[BlackClock "1:01:53"]

1. d4 Nf6 2. Bf4 d5 3. e3 c5 4. c3 Nc6 5. Nf3 Qb6 6. Qc2 Bg4 7. Nbd2 e6 8. Be2 Be7 ({RR} 8... Rc8 9. Qb3 Be7 10. h3 Bh5 11. O-O O-O 12. dxc5 Bxc5 13. Rfe1 h6 14. Rad1 Rfd8 15. Qxb6 Bxb6 16. Nb3 g5 17. Bh2 Ne4 18. Nfd4 Bxe2 19. Rxe2 Kg7 20. Nd2 Nc5 21. N2b3 Ne4 22. Nd2 Nd6 23. N2f3 {0-1 Le,T (2501)-Karjakin,S (2752) PNWCC Online blitz JP 9th 2020 (5)}) 9. O-O O-O ({RR} 9... Nh5 10. Bg3 Nxg3 11. hxg3 Rc8 12. dxc5 Bxc5 13. e4 dxe4 14. Nc4 Qc7 15. Qxe4 Bf5 16. Qf4 Qxf4 17. gxf4 O-O 18. Rad1 Rfd8 19. Nfe5 Nxe5 20. fxe5 Bc2 21. Rc1 Ba4 22. b3 Bb5 23. Rcd1 Kf8 24. Rfe1 {0-1 Langer,P (1933)-Schulze,L (2302) 14th Nordhausen Open 2024 (1.8)}) 10. h3 Bh5 11. g4 $146 ({RR} 11. Rfe1 Rac8 12. Qb3 c4 13. Qxb6 axb6 14. g4 Bg6 15. Ne5 Nxe5 16. Bxe5 b5 17. a3 Nd7 18. Bf3 Nxe5 19. dxe5 Rfd8 20. Be2 Bc5 21. Nf3 h5 22. Nd4 hxg4 23. hxg4 Bxd4 24. exd4 Ra8 25. Bf3 Bd3 {1-0 Norton,C (2122)-Ertbjerg,A Politiken Cup 27th 2005 (6)}) ({RR} 11. Qb3 c4 12. Qc2 Bg6 13. Qc1 Qd8 14. Ne5 Nxe5 15. Bxe5 Bd6 16. Nf3 Qc7 17. Bxd6 Qxd6 18. Ne5 Nd7 19. Nxg6 hxg6 20. e4 f5 21. e5 Qe7 22. b3 b5 23. a4 a6 24. Rb1 Rfb8 25. Qd2 Nb6 {1-0 Tahbaz,A (2473)-Trimitzios,P (2284) Titled Tuesday intern op 4th Sept blitz 2018 (2)}) ({RR} 11. dxc5 Bxc5 12. Nb3 Be7 13. Ne5 Bxe2 14. Qxe2 Rac8 15. Rac1 Rfd8 16. Rfd1 Na5 17. Nxa5 Qxa5 18. a3 b5 19. Bg5 Qb6 20. Ng4 Nxg4 21. Bxe7 Re8 22. Qxg4 Rxe7 23. Rxd5 Qc6 24. Rd4 e5 25. Rd6 Qb7 {½-½ Nguyen,Q (1797)-Le,H (2248) VIE-ch Tinh Bac Giang 2022 (1)}) 11... Bg6 12. Qc1 Rac8 13. Ne5 cxd4 14. Nxc6 bxc6 15. exd4 Nd7 16. b4 f6 17. Nf3 Rce8 18. a4 Qd8 19. a5 e5 20. dxe5 fxe5 21. Nxe5 Nxe5 22. Be3 Nc4 23. Bxc4 dxc4 24. Bxa7 Bd3 25. Re1 Bd6 26. Bb6 Qh4 27. Kg2 Be2 28. Rxe2 Rxe2 29. Qf1 Qg3+ 0-1

[Event "45th FIDE Chess Olympiad Open"]
[Site "Budapest, Hungary"]
[Date "2024.09.12"]
[Round "2"]
[White "Sanchez, Steven"]
[Black "Lill, Sami"]
[Result "1-0"]
[WhiteElo "2072"]
[BlackElo "1902"]
[PlyCount "103"]
[EventDate "2024.??.??"]
[WhiteTeam "Nicaragua"]
[BlackTeam "Bermuda"]
[WhiteTeamCountry "NCA"]
[BlackTeamCountry "BER"]
[WhiteClock "1:11:38"]
[BlackClock "0:27:22"]

1. Nf3 d5 2. d4 Nf6 3. Bf4 Nc6 4. e3 Bg4 5. c4 e6 6. c5 ({RR} 6. Be2 Bb4+ 7. Nfd2 Bxe2 8. Qxe2 dxc4 9. Qxc4 Nd5 10. Bg3 h5 11. h3 Qg5 12. h4 Qg6 13. Rh3 O-O-O 14. a3 Bd6 15. Bxd6 Rxd6 16. Rg3 Qh7 {½-½ Saric,A (2379)-Fercec,N (2467) Bosnjaci op 10th 2004 (6)}) ({RR} 6. Qb3 Bb4+ 7. Nc3 Bxf3 8. gxf3 O-O 9. Bd3 a5 10. a3 a4 11. Qc2 Bxc3+ 12. Qxc3 dxc4 13. Qxc4 Nd5 14. Bg3 Nb6 15. Qc2 h6 16. O-O-O Qe7 17. Rhg1 Kh8 18. Rg2 Ra5 19. Rdg1 f6 20. h4 e5 {0-1 Bhagat Kush (2188)-Shandrygin,N (2209) Titled Tue 2nd Jul Early 2024 (5)}) 6... Nh5 $146 ({RR} 6... Be7 7. h3 Bh5 8. Nc3 O-O 9. a3 b6 10. Bb5 Na5 11. b4 Nc4 12. cxb6 cxb6 13. Bc6 Rc8 14. Bb7 Nb2 15. Qc2 Nc4 16. Bxc8 Qxc8 17. Nd2 {1-0 Largo Chaparro,S (1396)-Corpus de Mares,A COL-ch sf 2nd 2018 (8)}) ({RR} 6... b6 7. b4 Nxb4 8. Qa4+ Nd7 9. Qxb4 bxc5 10. dxc5 Bxc5 11. Qc3 Bxf3 12. Qxg7 Qf6 13. Qxf6 Nxf6 14. gxf3 d4 15. Be5 Be7 16. Bxd4 c5 17. Be5 Rd8 18. Nd2 Rg8 19. Rb1 Rc8 20. Ba6 Rd8 21. Rb7 {1-0 Brune,L (1267)-Braeuer,A (1065) NRW-ch U16 Girls 2009 (2)}) ({RR} 6... Be7 7. a3 O-O 8. Nc3 a6 9. Be2 Nh5 10. Bg3 f5 11. Ne5 Nxg3 12. Nxc6 bxc6 13. hxg3 Bxe2 14. Qxe2 Qe8 15. Qh5 Qxh5 16. Rxh5 g6 17. Rh1 Rfb8 18. Rb1 Bf6 19. Kd2 a5 20. b3 Ra7 21. Ne2 {½-½ Szalaji,R (1847)-Toth,T (1879) HUN-chT2 Maroczy 1314 2013 (4)}) 7. Bb5 Nxf4 8. Bxc6+ bxc6 9. exf4 Bxf3 10. Qxf3 Qf6 11. Qe3 Rb8 12. Nd2 Rb4 13. Nf3 Bxc5 14. Qa3 Rc4 15. dxc5 Re4+ 16. Kf1 Qxf4 17. g3 Qf6 18. Kg2 Kd7 19. Rhe1 Rb8 20. Rxe4 dxe4 21. Rd1+ Ke8 22. Nd2 Qxb2 23. Qxa7 Qb7 24. Qxb7 Rxb7 25. Nxe4 Rb4 26. Kf3 Ra4 27. Rd2 h6 28. Ke3 f5 29. Nc3 Rc4 30. Kd3 Rxc5 31. a4 Ke7 32. Ra2 Ra5 33. Kc4 Kd6 34. Rd2+ Ke7 35. Kb4 Ra8 36. Kc5 Ra6 37. f4 g5 38. Rd4 Ra5+ 39. Kxc6 Kf6 40. Rd7 h5 41. Rxc7 gxf4 42. gxf4 e5 43. Nd5+ Kg6 44. fxe5 Rxa4 45. e6 f4 46. Rf7 Kg5 47. Rxf4 Ra6+ 48. Kd7 Ra7+ 49. Kd6 Ra6+ 50. Ke5 Ra5 51. h4+ Kh6 52. e7 1-0

[Event "45th FIDE Chess Olympiad Open"]
[Site "Budapest, Hungary"]
[Date "2024.09.12"]
[Round "2"]
[White "Dennis, Nathan"]
[Black "Ortiz, Marcos"]
[Result "0-1"]
[WhiteElo "1828"]
[BlackElo "2191"]
[PlyCount "74"]
[EventDate "2024.??.??"]
[WhiteTeam "Bermuda"]
[BlackTeam "Nicaragua"]
[WhiteTeamCountry "BER"]
[BlackTeamCountry "NCA"]
[WhiteClock "0:00:34"]
[BlackClock "1:13:50"]

1. d4 Nf6 2. Bf4 d6 3. Nf3 Nbd7 4. c4 c5 ({RR} 4... Nh5 5. e3 Nxf4 6. exf4 g6 7. Nc3 Bg7 8. h4 e5 9. h5 exd4 10. Nxd4 O-O 11. Qd2 Re8+ 12. Be2 Nf6 13. O-O-O Ne4 14. Nxe4 Rxe4 15. Nb5 a6 16. Nc3 Re8 17. hxg6 hxg6 18. g4 b5 19. f5 {1-0 Stocek,J (2587)-Prokopchuk,E (2511) Pardubice op rap 21st rapid 2010 (6)}) 5. d5 ({RR} 5. Nc3 cxd4 6. Qxd4 e5 7. Nxe5 dxe5 8. Bxe5 Bc5 9. Qf4 Nxe5 10. Qxe5+ Qe7 11. Qg3 O-O 12. e3 Ne4 13. Nxe4 Qxe4 14. O-O-O Be6 15. Bd3 Qc6 16. Kb1 Rfd8 17. Bxh7+ Kxh7 18. Rxd8 Qe4+ {0-1 Essing,A (2230)-Yelisieiev,Y (2402) Titled Tue 4th Jun Early 2024 (10)}) 5... b5 6. Qc2 Qa5+ $146 ({RR} 6... b4 7. e4 g6 8. Be2 Bg7 9. Nbd2 O-O 10. h3 a5 11. O-O Ne8 12. Rfe1 Ne5 13. Nxe5 Bxe5 14. Bxe5 dxe5 15. a3 Bd7 16. axb4 axb4 17. Nb3 Ba4 18. Rxa4 Rxa4 19. Nxc5 Ra7 20. Nd3 Qb8 21. c5 {1-0 Djukic,S (2166)-Skare,G (2303) Belgrade Trophy 30th 2016 (4)}) 7. Nbd2 Nh5 8. Bg5 h6 9. Bh4 g5 10. Bg3 Bg7 11. e4 Rb8 12. cxb5 a6 13. Be2 Nxg3 14. hxg3 axb5 15. O-O Nb6 16. Rab1 c4 17. a3 O-O 18. Nh2 f5 19. f3 e6 20. dxe6 Bxe6 21. Rbd1 d5 22. Qb1 d4 23. Rfe1 d3 24. Bf1 Na4 25. exf5 Bxf5 26. Ne4 Nxb2 27. Rd2 Qxa3 28. Qa1 Qxa1 29. Rxa1 Bxe4 30. fxe4 Bc3 31. Rf2 Bd4 32. Ng4 Rxf2 33. Nxf2 Rf8 34. Kh2 Rxf2 35. Kh3 d2 36. Ra8+ Rf8 37. Ra1 d1=R 0-1

[Event "45th FIDE Chess Olympiad Open"]
[Site "Budapest, Hungary"]
[Date "2024.09.12"]
[Round "2"]
[White "Than, Min Hlaing"]
[Black "Barbaria, Yacine"]
[Result "1/2-1/2"]
[WhiteElo "2121"]
[BlackElo "2179"]
[PlyCount "104"]
[EventDate "2024.??.??"]
[WhiteTeam "Myanmar"]
[BlackTeam "Tunisia"]
[WhiteTeamCountry "MYA"]
[BlackTeamCountry "TUN"]
[WhiteClock "0:11:58"]
[BlackClock "0:23:51"]

1. Nf3 Nf6 2. c4 e6 3. d4 d5 4. Nc3 c6 5. Bg5 h6 6. Bxf6 Qxf6 7. e3 Nd7 8. Bd3 g6 9. O-O Bg7 10. Qe2 ({RR} 10. Re1 O-O 11. e4 dxc4 12. Bxc4 e5 13. d5 Nb6 14. Bb3 Bg4 15. Re3 Rad8 16. h3 Bxf3 17. Rxf3 Qe7 18. Qe2 c5 19. a4 Nc8 20. a5 Nd6 21. a6 b6 22. Nb5 Nxb5 23. Qxb5 Rd6 24. Qe2 h5 {1-0 Giri,A (2780)-Duda,J (2730) chess.com Speed blitz 2019 (1.28)}) 10... O-O 11. Rab1 $146 ({RR} 11. cxd5 exd5 12. a4 Qd6 13. Rab1 Qb4 14. Rfe1 Re8 15. Qc2 Nf8 16. h3 Bd7 17. Ne2 c5 18. Qxc5 Qxc5 19. dxc5 Bxa4 20. b3 Bc6 21. b4 Ne6 22. Rec1 a6 23. Ned4 Nxd4 24. Nxd4 Bxd4 25. exd4 Bb5 {0-1 Sonderby,A (1926)-Thomassen,T (2079) Politiken Cup 28th 2006 (9)}) ({RR} 11. Rfe1 Qe7 12. e4 dxc4 13. Bxc4 b5 14. Bb3 Rb8 15. e5 c5 16. d5 c4 17. d6 Qd8 18. Bc2 b4 19. Na4 Qa5 20. h4 h5 21. b3 c3 22. Rad1 Bb7 23. Be4 Bxe4 24. Qxe4 Rb5 25. Qc6 Nxe5 {0-1 Kacprzak,K (2322)-Drygalov,S (2547) Titled Tue 16th Jan Early 2024 (4)}) ({RR} 11. e4 dxc4 12. Bxc4 Qe7 13. e5 b5 14. Bb3 Bb7 15. Ne4 c5 16. Nxc5 Nxc5 17. dxc5 Qxc5 18. Rfe1 Rac8 19. Rad1 a5 20. Rd7 Bc6 21. Rd2 a4 22. Bd1 Bxf3 23. gxf3 Qb4 24. Rd3 Rfd8 25. Bc2 Qxb2 {0-1 Taboas Rodriguez,D (2359)-Keymer,V (2698) Titled Tue 22nd Nov Late 2022 (1)}) ({RR} 11. e4 dxc4 12. Bxc4 e5 13. d5 Nb6 14. Bb3 Bg4 15. Rac1 Rfd8 16. Rfd1 Bf8 17. dxc6 bxc6 18. h3 Bxf3 19. Qxf3 Qxf3 20. gxf3 Rd4 21. Ne2 Rxd1+ 22. Rxd1 a5 23. a3 a4 24. Ba2 Bc5 25. Kg2 Kf8 {0-1 Hahn,M-Goessling,G (2200) Recklinghausen op 13th 2002 (3)}) 11... Re8 12. e4 dxc4 13. Bxc4 e5 14. dxe5 Nxe5 15. Nxe5 Qxe5 16. f4 Qc5+ 17. Kh1 b5 18. Bb3 Bxc3 19. bxc3 Bf5 20. e5 Bxb1 21. e6 fxe6 22. Rxb1 Kg7 23. Bc2 Rad8 24. h3 Re7 25. Rf1 Qc4 26. Qe5+ Kh7 27. Rf3 Rg7 28. Bb3 Rd5 29. Bxc4 Rxe5 30. fxe5 bxc4 31. Rf4 Rc7 32. Rxc4 g5 33. Kg1 Kg6 34. g4 Kf7 35. Kf2 Ke7 36. Ke3 c5 37. Ra4 Rd7 38. Ra5 c4 39. Ke4 Rd3 40. Rxa7+ Kd8 41. Rh7 Rxc3 42. Rxh6 Kd7 43. Kd4 Rd3+ 44. Kxc4 Rd5 45. Rh7+ Kc6 46. h4 Rxe5 47. Kd4 Ra5 48. hxg5 Rxg5 49. Rh4 Ra5 50. Rh2 Ra4+ 51. Ke5 Rxg4 52. Kxe6 Kb5 1/2-1/2

[Event "45th FIDE Chess Olympiad Open"]
[Site "Budapest, Hungary"]
[Date "2024.09.12"]
[Round "2"]
[White "Meftahi, Houssem"]
[Black "Kyaw Zay Ya"]
[Result "0-1"]
[WhiteElo "2112"]
[BlackElo "1818"]
[PlyCount "134"]
[EventDate "2024.??.??"]
[WhiteTeam "Tunisia"]
[BlackTeam "Myanmar"]
[WhiteTeamCountry "TUN"]
[BlackTeamCountry "MYA"]
[WhiteClock "0:10:02"]
[BlackClock "0:45:48"]

1. e4 d5 2. exd5 Qxd5 3. Nc3 Qa5 4. d4 c6 5. Nf3 Bg4 6. Be2 Nf6 7. O-O Nbd7 8. Ne5 ({RR} 8. Bd2 Qb6 9. Na4 Qc7 10. h3 Bh5 11. Re1 e6 12. c4 Be7 13. Nc3 O-O 14. Qc1 Rfe8 15. a3 a5 16. c5 Bxf3 17. Bxf3 e5 18. b4 exd4 19. Bf4 Qd8 20. Ne2 d3 21. Ng3 axb4 22. axb4 Bf8 {1-0 Radjabov,T (2723)-Soto Vega,J (2354) Titled Tue 13th Feb Early 2024 (1)}) 8... Bxe2 9. Qxe2 e6 10. Re1 $146 ({RR} 10. Nxd7 Nxd7 11. Ne4 Be7 12. Bf4 O-O 13. c3 e5 14. b4 Qd5 15. dxe5 Nxe5 16. Rad1 Qe6 17. Rfe1 Ng6 18. Bg3 f5 19. Nd6 Qxe2 20. Rxe2 f4 21. Nxb7 fxg3 22. hxg3 Bf6 23. c4 Rf7 24. Na5 Rc8 {½-½ Petek,P (2225)-Pirsic,M (1613) SLO-chT Bled 2005 (4)}) ({RR} 10. Bf4 Nxe5 11. Bxe5 Be7 12. Ne4 Qd8 13. Rad1 O-O 14. Rd3 Nxe4 15. Qxe4 Qd5 16. Qg4 f6 17. Bg3 Qxa2 18. Rb3 Qa6 19. Qxe6+ Rf7 20. Re1 Bf8 21. Bd6 Rd8 22. Bxf8 Kxf8 23. Rbe3 g6 24. c3 Qb6 {½-½ Hagen,P-Lenz,R Duesseldorf-ch 1999}) ({RR} 10. Bf4 Be7 11. Nc4 Qh5 12. Nd6+ Bxd6 13. Qxh5 Nxh5 14. Bxd6 Nhf6 15. Rfe1 Nb6 16. Rad1 O-O-O 17. Be7 Rd7 18. Bxf6 gxf6 19. Ne4 f5 20. Nc5 Rdd8 21. c3 h5 22. Rd3 Rdg8 23. Rg3 Nd7 24. Nd3 Kd8 {1-0 Vlasak,L (1843)-Klein,S (1860) Regionalliga NO 0607 2006 (8.8)}) 10... Nxe5 11. dxe5 Nd7 12. a3 Be7 13. Qg4 Nxe5 14. Qxg7 Ng6 15. Re4 Rd8 16. Be3 b6 17. Ra4 Qf5 18. Rf4 Bf8 19. Qxh8 Nxh8 20. Rxf5 exf5 21. Re1 Kd7 22. g3 Ng6 23. f4 Bg7 24. Rd1+ Kc7 25. Rxd8 Kxd8 26. Nd1 Kc7 27. Kf2 a5 28. Ke2 a4 29. Kd3 c5 30. Bd2 Bd4 31. Bc3 Bg1 32. Ke2 Kc6 33. Bd2 Bd4 34. c3 Bf6 35. c4 b5 36. Kd3 Bd4 37. Bc3 Bg1 38. h3 h5 39. h4 Ne7 40. Be1 Bd4 41. Bf2 Bf6 42. Be3 Nc8 43. cxb5+ Kxb5 44. Kc2 Nd6 45. Bf2 Ne4 46. Be1 Bd4 47. Kd3 Bg1 48. Nc3+ Nxc3 49. Kxc3 Bd4+ 50. Kc2 Kc4 51. Bc3 Bf2 52. Bf6 Bxg3 53. Bg5 Bh2 54. Bh6 Bg1 55. Bf8 Bd4 56. Be7 Kd5 57. b3 axb3+ 58. Kxb3 c4+ 59. Kc2 Ke4 60. Bg5 f6 61. Bh6 Kf3 62. a4 Kg4 63. a5 Kxh4 64. a6 Kg4 65. Bg7 h4 66. Bxf6 Ba7 67. Kc3 h3 0-1